| 000 | 01002nam a2200229Ia 4500 | ||
|---|---|---|---|
| 999 |
_c41551 _d41551 |
||
| 001 | 8219 | ||
| 003 | GE_BSU | ||
| 005 | 20240418165535.0 | ||
| 008 | 181216s2013||||ge |||||||||||||| ||geo|| | ||
| 020 | _a9789941934667 | ||
| 040 | _cGE_BSU | ||
| 041 | _ageo | ||
| 080 | _a82-36(479.223) ქ-16 | ||
| 100 |
_aქათამაძე, დემურ _921874 |
||
| 245 |
_aჭვანელთა მუღამები და ოხუნჯობანი / _cდემურ ქათამაძე, აკაკი ზოიძე ; რედ. მურმან ჭაღალიძე. |
||
| 264 |
_aთბილისი : _bივერიონი, _c2013. |
||
| 300 |
_a135 გვ. _c20 სმ. |
||
| 653 | _aჭვანელთა მუღამები და ოხუნჯობანი | ||
| 700 |
_aზოიძე, აკაკი _eავტორი _92060 |
||
| 700 |
_aჭაღალიძე, მურმან _eრედაქტორი _921875 |
||
| 942 |
_cBK _2udc |
||